<?xml version="1.0" encoding="UTF-8"?><?xml-stylesheet type="text/xsl" href="static/style.xsl"?><OAI-PMH xmlns="http://www.openarchives.org/OAI/2.0/" xmlns:xsi="http://www.w3.org/2001/XMLSchema-instance" xsi:schemaLocation="http://www.openarchives.org/OAI/2.0/ http://www.openarchives.org/OAI/2.0/OAI-PMH.xsd"><responseDate>2026-04-17T17:32:42Z</responseDate><request verb="GetRecord" identifier="oai:www.recercat.cat:20.500.12327/2983" metadataPrefix="marc">https://recercat.cat/oai/request</request><GetRecord><record><header><identifier>oai:recercat.cat:20.500.12327/2983</identifier><datestamp>2025-10-22T11:30:54Z</datestamp><setSpec>com_2072_4428</setSpec><setSpec>com_2072_4427</setSpec><setSpec>col_2072_487898</setSpec></header><metadata><record xmlns="http://www.loc.gov/MARC21/slim" xmlns:dcterms="http://purl.org/dc/terms/" xmlns:xsi="http://www.w3.org/2001/XMLSchema-instance" xmlns:doc="http://www.lyncode.com/xoai" xsi:schemaLocation="http://www.loc.gov/MARC21/slim http://www.loc.gov/standards/marcxml/schema/MARC21slim.xsd">
   <leader>00925njm 22002777a 4500</leader>
   <datafield ind2=" " ind1=" " tag="042">
      <subfield code="a">dc</subfield>
   </datafield>
   <datafield ind2=" " ind1=" " tag="720">
      <subfield code="a">Krückemeier, Simon</subfield>
      <subfield code="e">author</subfield>
   </datafield>
   <datafield ind2=" " ind1=" " tag="720">
      <subfield code="a">Ramon, Marc</subfield>
      <subfield code="e">author</subfield>
   </datafield>
   <datafield ind2=" " ind1=" " tag="720">
      <subfield code="a">Vidal, Enric</subfield>
      <subfield code="e">author</subfield>
   </datafield>
   <datafield ind2=" " ind1=" " tag="720">
      <subfield code="a">Martino, Laura</subfield>
      <subfield code="e">author</subfield>
   </datafield>
   <datafield ind2=" " ind1=" " tag="720">
      <subfield code="a">Burgaya, Judit</subfield>
      <subfield code="e">author</subfield>
   </datafield>
   <datafield ind2=" " ind1=" " tag="720">
      <subfield code="a">Puig Ribas, Maria</subfield>
      <subfield code="e">author</subfield>
   </datafield>
   <datafield ind2=" " ind1=" " tag="720">
      <subfield code="a">Dias-Alves, Andrea</subfield>
      <subfield code="e">author</subfield>
   </datafield>
   <datafield ind2=" " ind1=" " tag="720">
      <subfield code="a">Lobato-Bailón, Lourdes</subfield>
      <subfield code="e">author</subfield>
   </datafield>
   <datafield ind2=" " ind1=" " tag="720">
      <subfield code="a">Pérez de Val, Bernat</subfield>
      <subfield code="e">author</subfield>
   </datafield>
   <datafield ind2=" " ind1=" " tag="720">
      <subfield code="a">Cabezón, Oscar</subfield>
      <subfield code="e">author</subfield>
   </datafield>
   <datafield ind2=" " ind1=" " tag="720">
      <subfield code="a">Espunyes, Johan</subfield>
      <subfield code="e">author</subfield>
   </datafield>
   <datafield ind2=" " ind1=" " tag="260">
      <subfield code="c">2024-04-05</subfield>
   </datafield>
   <datafield ind2=" " ind1=" " tag="520">
      <subfield code="a">Adiaspiromycosis is a non-transmissible infectious pulmonary disease caused by the inhalation&#xd;
of propagules from fungal species belonging to the family Ajellomicetaceae,&#xd;
especially Emergomyces crescens. Adiaspiromycosis caused by E. crescens have been&#xd;
recorded in a broad number of species worldwide, with small burrowing mammals being&#xd;
considered the main hosts for this environmental pathogen. Only a handful of studies on&#xd;
adiaspiromycosis in European wildlife have been published so far. Here, we assessed the&#xd;
occurrence of adiaspiromycosis in wild rodents from the central Spanish Pyrenees (NE Spain).&#xd;
The lungs of 302 mice and 46 voles were screened for the presence of adiaspores through&#xd;
histopathological examination. Pulmonary adiaspiromycosis was recorded in 21.6% of all&#xd;
individuals (75/348), corresponding to 63/299 Apodemus sylvaticus and 12/40 Myodes&#xd;
glareolus. Adiaspore burden varied highly between animals, with a mean of 0.19 spores/mm2&#xd;
and a percentage of affected lungs ranging from &lt;0.01 to over 8%. Results show that the&#xd;
infection is present in wild rodents from the central Spanish Pyrenees. Although the impact of&#xd;
this infection on non-endangered species is potentially mild, it might contribute to genetic&#xd;
diversity loss in endangered species.</subfield>
   </datafield>
   <datafield ind1="8" ind2=" " tag="024">
      <subfield code="a">Krückemeier, Simon, Marc Ramon, Enríc Vidal, Laura Martino, Judit Burgaya, M. Ribas, Andrea Dias-Alves, et al. 2024. “Adiaspiromycoses in Wild Rodents From the Pyrenees, Northeastern Spain.” Journal of Wildlife Diseases 60 (2): 526-530. doi: 10.7589/jwd-d-23-00100</subfield>
   </datafield>
   <datafield ind1="8" ind2=" " tag="024">
      <subfield code="a">1943-3700</subfield>
   </datafield>
   <datafield ind1="8" ind2=" " tag="024">
      <subfield code="a">http://hdl.handle.net/20.500.12327/2983</subfield>
   </datafield>
   <datafield ind1="8" ind2=" " tag="024">
      <subfield code="a">https://doi.org/10.7589/JWD-D-23-00100</subfield>
   </datafield>
   <datafield ind2="0" ind1="0" tag="245">
      <subfield code="a">Adiaspiromycoses in wild rodents from the Pyrenees, north-eastern Spain</subfield>
   </datafield>
</record></metadata></record></GetRecord></OAI-PMH>